000 00846nmm a2200301 a 4500
003 AR-BaBNM
005 20251128204613.0
008 080020s1993 ||||||||||||||000 | spa||
020 _a950-556-307-8
040 _cAR-BaBNM
100 1 _aSaban, Mario Javier
245 1 0 _aLos marranos y la economía en el río de la Plata
_bjudíos conversos. 3
260 _aBuenos Aires
_bGalerna
_c1993
300 _a539 p.
_bgráfs.
500 _aContiene referencias bibliográficas
600 1 4 _aRamirez de Velasco, Juan
600 1 4 _aLeón Pinelo, Antonio de
650 4 _aHISTORIA ARGENTINA
650 4 _aHISTORIA ECONOMICA
650 4 _aPERIODO HISPANICO
650 4 _aINSTITUCIONES HISPANOAMERICANAS
650 4 _aJUDIOS
650 4 _aCOMERCIANTES
653 _aGAUCHOS
653 _aINQUISICION
942 _cBK
998 _cMariana
999 _c8095
_d8095